[Event "Mataro Maresme op-A 13th"]
[Site "Mataro"]
[Date "2016.11.19"]
[Round "7"]
[White "Maynat Diaz, Jose Antonio"]
[Black "Santos Ramos, Carlos"]
[Result "1-0"]
[WhiteElo "1773"]
[BlackElo "1824"]
[PlyCount "151"]
[EventDate "2016.10.08"]
[EventType "swiss"]
[EventRounds "9"]
[EventCountry "ESP"]
[SourceTitle "EXT 2018"]
[Source "ChessBase"]
[SourceDate "2017.10.13"]
[SourceVersion "1"]
[SourceVersionDate "2017.10.13"]
[SourceQuality "1"]

1. e4 e5 2. Nf3 Nc6 3. Bc4 Bc5 4. c3 Nf6 5. d4 exd4 6. cxd4 Bb4+ 7. Bd2 Nxe4 8. Bxb4 Nxb4 9. Bxf7+ Kxf7 10. Qb3+ d5 11. Qxb4 Re8 12. 0-0 a5 13. Qb3 Ra6 14. Nc3 c6 15. Rfe1 Rb6 16. Qc2 Bf5 17. Qc1 Qf6 18. Nxe4 dxe4 19. Ne5+ Rxe5 20. dxe5 Qxe5 21. b3 Rb4 22. Qe3 Rd4 23. Rac1 c5 24. Qg3 Qxg3 25. hxg3 b6 26. f3 Ke6 27. Kf2 Rd2+ 28. Re2 Rxe2+ 29. Kxe2 Kd5 30. Ke3 exf3 31. gxf3 b5 32. Rd1+ Kc6 33. Kf4 Bc2 34. Rd2 Bb1 35. Ke5 c4 36. Kd4 Bd3 37. Rh2 a4 38. b4 a3 39. g4 h6 40. f4 Kd6 41. Rd2 Ke6 42. Rh2 Kd6 43. g5 hxg5 44. fxg5 g6 45. Rh3 Ke6 46. Re3+ Kd6 47. Rf3 Kc6 48. Rf8 Bb1 49. Ra8 Bxa2 50. Rxa3 Bb1 51. Ra6+ Kb7 52. Rf6 Kc7 53. Re6 Bd3 54. Rf6 Kb7 55. Rd6 Kc7 56. Rd5 Kc6 57. Rc5+ Kb6 58. Ke5 Bf5 59. Kd6 Be4 60. Ke5 Bf5 61. Kd4 Bd3 62. Re5 Kc6 63. Re6+ Kc7 64. Ra6 Kb7 65. Re6 Kc7 66. Kc5 c3 67. Re7+ Kd8 68. Re3 Bc4 69. Rxc3 Ke7 70. Rxc4 bxc4 71. Kxc4 Kd6 72. Kd4 Kc6 73. Ke5 Kb5 74. Kf6 Kxb4 75. Kxg6 Kc5 76. Kf7 1-0

[Event "Mataro Maresme op-A 13th"]
[Site "Mataro"]
[Date "2016.11.12"]
[Round "6"]
[White "Garcia Garcia, Candido"]
[Black "Maynat Diaz, Jose Antonio"]
[Result "0-1"]
[WhiteElo "1856"]
[BlackElo "1773"]
[PlyCount "52"]
[EventDate "2016.10.08"]
[EventType "swiss"]
[EventRounds "9"]
[EventCountry "ESP"]
[SourceTitle "EXT 2018"]
[Source "ChessBase"]
[SourceDate "2017.10.13"]
[SourceVersion "1"]
[SourceVersionDate "2017.10.13"]
[SourceQuality "1"]

1. e4 c5 2. d4 cxd4 3. c3 dxc3 4. Nxc3 e6 5. Nf3 Bb4 6. Bc4 Bxc3+ 7. bxc3 Qc7 8. Qd3 Nc6 9. 0-0 Nf6 10. Ba3 Ne5 11. Nxe5 Qxe5 12. f4 Qc7 13. Rab1 a6 14. Rfe1 b5 15. Bd5 Rb8 16. h3 Qb6+ 17. Kh1 exd5 18. exd5+ Kd8 19. Be7+ Kc7 20. c4 d6 21. cxb5 Nd7 22. bxa6 Qxa6 23. Qxa6 Bxa6 24. Rbc1+ Nc5 25. Bh4 Rhe8 26. Rxe8 Rxe8 0-1

[Event "Mataro op 12th"]
[Site "Mataro"]
[Date "2015.11.14"]
[Round "7.2"]
[White "Maynat Diaz, Jose Antonio"]
[Black "Cutura Sole, Alexandre"]
[Result "1-0"]
[WhiteElo "1993"]
[BlackElo "1915"]
[PlyCount "85"]
[EventDate "2015.10.03"]
[EventType "swiss"]
[EventRounds "9"]
[EventCountry "ESP"]
[SourceTitle "EXT 2024"]
[Source "ChessBase"]
[SourceDate "2023.10.10"]
[SourceVersion "1"]
[SourceVersionDate "2023.10.10"]
[SourceQuality "1"]

1. e4 e5 2. Nf3 Nc6 3. Bc4 Nf6 4. Ng5 d5 5. exd5 Na5 6. Bb5+ Bd7 7. Qe2 Bd6 8. d4 Qe7 9. dxe5 Qxe5 10. Qxe5+ Bxe5 11. Bxd7+ Nxd7 12. 0-0 0-0 13. c3 Nf6 14. Rd1 Rad8 15. Nf3 Rfe8 16. Na3 Rxd5 17. Rxd5 Nxd5 18. Bd2 Nf6 19. Re1 Bd6 20. Rxe8+ Nxe8 21. b4 Nc6 22. Nc4 Kf8 23. Kf1 b5 24. Nxd6 Nxd6 25. Be3 a5 26. Bc5 Ke7 27. Ke2 f6 28. bxa5 Nxa5 29. Nd4 Nab7 30. Nf5+ Kf7 31. Bxd6 Nxd6 32. Nxd6+ cxd6 33. Kd3 Ke6 34. Kd4 f5 35. a3 g6 36. c4 bxc4 37. Kxc4 Ke5 38. f3 d5+ 39. Kd3 Kd6 40. Kd4 h5 41. h4 f4 42. a4 Kc6 43. a5 1-0

[Event "Mataro op 12th"]
[Site "Mataro"]
[Date "2015.11.07"]
[Round "6.2"]
[White "Bou Garcia, Pere"]
[Black "Maynat Diaz, Jose Antonio"]
[Result "0-1"]
[WhiteElo "1959"]
[BlackElo "1993"]
[PlyCount "51"]
[EventDate "2015.10.03"]
[EventType "swiss"]
[EventRounds "9"]
[EventCountry "ESP"]
[SourceTitle "EXT 2024"]
[Source "ChessBase"]
[SourceDate "2023.10.10"]
[SourceVersion "1"]
[SourceVersionDate "2023.10.10"]
[SourceQuality "1"]

1. e4 c5 2. Nf3 Nc6 3. d4 cxd4 4. Nxd4 e5 5. Nb5 a6 6. Nd6+ Bxd6 7. Qxd6 Qf6 8. Qa3 Qg6 9. Be3 Nge7 10. Nc3 0-0 11. 0-0-0 f5 12. Bc4+ Kh8 13. Nd5 d6 14. Nxe7 Nxe7 15. Rxd6 Qe8 16. Rhd1 Nc6 17. Bb6 Qe7 18. Bc5 Qg5+ 19. Be3 f4 20. Rxc6 Bg4 21. h4 Qxh4 22. g3 Qh5 23. gxf4 Bxd1 24. Rxa6 bxa6 25. Bxa6 Be2 26. Bxe2 0-1

[Event "Mataro op 12th"]
[Site "Mataro"]
[Date "2015.10.31"]
[Round "5.5"]
[White "Maynat Diaz, Jose Antonio"]
[Black "David Xapelli, Antoni"]
[Result "1-0"]
[WhiteElo "1993"]
[BlackElo "1826"]
[PlyCount "127"]
[EventDate "2015.10.03"]
[EventType "swiss"]
[EventRounds "9"]
[EventCountry "ESP"]
[SourceTitle "EXT 2024"]
[Source "ChessBase"]
[SourceDate "2023.10.10"]
[SourceVersion "1"]
[SourceVersionDate "2023.10.10"]
[SourceQuality "1"]

1. e4 c6 2. d4 d5 3. exd5 cxd5 4. c4 Nf6 5. Nc3 Bf5 6. Qb3 Nc6 7. Qxb7 Nxd4 8. cxd5 Nc2+ 9. Kd1 Nxa1 10. Nf3 Qc8 11. Qb5+ Qd7 12. Qa5 Qd6 13. Nd4 Bd7 14. Ncb5 Bxb5 15. Bxb5+ Nd7 16. Bc6 Rb8 17. Nb5 Rxb5 18. Qxb5 Kd8 19. Bd2 Nb6 20. Ba5 Qc7 21. Kc1 Qf4+ 22. Kb1 Qxf2 23. Kxa1 g6 24. Be8 Qf5 25. Rc1 e5 26. Rf1 Qc8 27. Bxf7 Bg7 28. Be6 Qc7 29. Kb1 Bh6 30. a3 Re8 31. Rf7 Qc1+ 32. Ka2 Re7 33. Bxb6+ axb6 34. Qxb6+ Qc7 35. Qxc7+ Rxc7 36. Rf2 Be3 37. Re2 Bd4 38. b3 Rc3 39. a4 Kc7 40. Bf7 Rc1 41. b4 Ra1+ 42. Kb3 Rb1+ 43. Ka3 Ra1+ 44. Ra2 Rc1 45. a5 Kd6 46. Ka4 Rc4 47. Kb5 Rc3 48. a6 Ba7 49. Re2 Rd3 50. Rc2 e4 51. Re2 e3 52. Be6 Rd2 53. Re1 h5 54. Kc4 e2 55. Kc3 Ra2 56. Kd3 Rxa6 57. Rxe2 Ra3+ 58. Kc4 Be3 59. Bf7 g5 60. Bxh5 Bf4 61. h3 Be5 62. Bf3 Rc3+ 63. Kb5 Kc7 64. Rxe5 1-0

[Event "Mataro op 12th"]
[Site "Mataro"]
[Date "2015.10.03"]
[Round "1.1"]
[White "Maynat Diaz, Jose Antonio"]
[Black "Robert Sancho, Albert"]
[Result "1-0"]
[WhiteElo "1993"]
[BlackElo "1782"]
[PlyCount "87"]
[EventDate "2015.10.03"]
[EventType "swiss"]
[EventRounds "9"]
[EventCountry "ESP"]
[SourceTitle "EXT 2024"]
[Source "ChessBase"]
[SourceDate "2023.10.10"]
[SourceVersion "1"]
[SourceVersionDate "2023.10.10"]
[SourceQuality "1"]

1. e4 e5 2. Nf3 Nc6 3. d4 exd4 4. Nxd4 Ne5 5. Be2 d6 6. Nf5 g6 7. Ne3 Bg7 8. Nc4 Be6 9. Nxe5 dxe5 10. Be3 Qxd1+ 11. Bxd1 Nf6 12. Nc3 0-0 13. f3 Bc4 14. Be2 Bxe2 15. Kxe2 Nd7 16. Rhd1 Nb8 17. b4 Nc6 18. Nd5 Kh8 19. c3 Rad8 20. a4 a6 21. b5 Na5 22. bxa6 bxa6 23. Rab1 c6 24. Nb4 Nc4 25. Nxa6 Nxe3 26. Kxe3 Ra8 27. Nc5 Ra5 28. Nd7 Re8 29. Rb8 Rxb8 30. Nxb8 h5 31. Ra1 Bh6+ 32. Kd3 f5 33. Nxc6 Rc5 34. Ne7 fxe4+ 35. fxe4 Kg7 36. a5 Rc7 37. Nd5 Ra7 38. Kc4 Bg5 39. Kb5 Bd8 40. a6 Kf7 41. Rf1+ Ke6 42. Rf8 Be7 43. Re8 Kf7 44. Rxe7+ 1-0

[Event "Barcelona Sant Marti op-B 17th"]
[Site "Barcelona"]
[Date "2015.07.17"]
[Round "5"]
[White "Maynat Diaz, Jose Antonio"]
[Black "Rodriguez Isern, Bernat"]
[Result "0-1"]
[WhiteElo "2003"]
[BlackElo "1936"]
[PlyCount "74"]
[EventDate "2015.07.13"]
[EventType "swiss"]
[EventRounds "9"]
[EventCountry "ESP"]
[SourceTitle "EXT 2016"]
[Source "ChessBase"]
[SourceDate "2015.10.08"]
[SourceVersion "1"]
[SourceVersionDate "2015.10.08"]
[SourceQuality "1"]

1. e4 e5 2. Nf3 Nc6 3. Bc4 Bc5 4. c3 Nf6 5. d3 0-0 6. b4 Bb6 7. a4 a6 8. Bb2 d6 9. h3 Nh5 10. Bc1 Qf6 11. Ra2 h6 12. Nh2 Nf4 13. Bxf4 Qxf4 14. Qf3 Qc1+ 15. Qd1 Qg5 16. Qf3 Ne7 17. Nf1 Ng6 18. g3 Be6 19. Nbd2 Qe7 20. Ne3 Bxe3 21. Qxe3 f5 22. exf5 Rxf5 23. Qe4 c6 24. Qg4 Kh7 25. Bxe6 Qxe6 26. Qc4 d5 27. Qb3 Raf8 28. Ne4 Qe7 29. Nc5 Qf7 30. 0-0 Rf3 31. Qd1 e4 32. dxe4 dxe4 33. Re2 e3 34. Rxe3 Rxf2 35. Ree1 Ne5 36. Ne4 Nf3+ 37. Kxf2 Nxe1+ 0-1

[Event "Barcelona Sant Marti op-B 17th"]
[Site "Barcelona"]
[Date "2015.07.16"]
[Round "4"]
[White "Gonzalez Martin, Fernando"]
[Black "Maynat Diaz, Jose Antonio"]
[Result "1/2-1/2"]
[WhiteElo "1921"]
[BlackElo "2003"]
[PlyCount "111"]
[EventDate "2015.07.13"]
[EventType "swiss"]
[EventRounds "9"]
[EventCountry "ESP"]
[SourceTitle "EXT 2016"]
[Source "ChessBase"]
[SourceDate "2015.10.08"]
[SourceVersion "1"]
[SourceVersionDate "2015.10.08"]
[SourceQuality "1"]

1. d4 d5 2. c4 dxc4 3. Nf3 Nf6 4. g3 e6 5. Bg2 Bb4+ 6. Nc3 c5 7. 0-0 0-0 8. dxc5 Bxc5 9. Qa4 Bd7 10. Qxc4 Qc7 11. Qh4 Bc6 12. Bf4 Bd6 13. Bxd6 Qxd6 14. Rfd1 Qc5 15. Rac1 Qh5 16. Qxh5 Nxh5 17. e4 Nf6 18. Nd4 a6 19. h3 e5 20. Nf5 Re8 21. Nd5 Bxd5 22. exd5 g6 23. Nd6 Rf8 24. Nxb7 Nbd7 25. Nc5 Nxc5 26. Rxc5 Rfd8 27. b3 Rd6 28. Bf1 a5 29. a4 Ne4 30. Rc6 Rad8 31. Rxd6 Rxd6 32. Bc4 Kf8 33. Re1 Ng5 34. Kg2 f6 35. h4 Nf7 36. Rd1 Rb6 37. Rc1 Nd6 38. f3 Rb4 39. Kf2 Ke7 40. g4 Nxc4 41. Rxc4 Rxb3 42. Rc5 Rb2+ 43. Kg3 Kd6 44. Rxa5 Rb3 45. Ra6+ Kxd5 46. Rxf6 e4 47. Kf2 exf3 48. Rxf3 Rb4 49. a5 Rxg4 50. Ra3 Rxh4 51. a6 Rf4+ 52. Kg3 Rf8 53. Kg4 Kc6 54. Kg5 Kb6 55. a7 Kb7 56. Kh6 1/2-1/2

[Event "Llinars del Valles op-B 8th"]
[Site "Llinars del Valles"]
[Date "2015.04.18"]
[Round "2"]
[White "Maynat Diaz, Jose Antonio"]
[Black "Rius Riu, Gerard"]
[Result "1/2-1/2"]
[WhiteElo "1988"]
[BlackElo "1859"]
[PlyCount "108"]
[EventDate "2015.04.11"]
[EventType "swiss"]
[EventRounds "9"]
[EventCountry "ESP"]
[SourceTitle "EXT 2016"]
[Source "ChessBase"]
[SourceDate "2015.10.08"]
[SourceVersion "1"]
[SourceVersionDate "2015.10.08"]
[SourceQuality "1"]

1. e4 c6 2. d4 d5 3. exd5 cxd5 4. c4 Nf6 5. Nc3 g6 6. cxd5 Nxd5 7. Bb5+ Bd7 8. Qa4 Nb6 9. Qb3 Bg7 10. Nf3 0-0 11. Bxd7 Qxd7 12. Be3 Nc6 13. Rd1 Rac8 14. 0-0 Na5 15. Qb4 Nac4 16. Ne5 Qc7 17. Nb5 Qb8 18. Bf4 Nd5 19. Nxc4 Qxf4 20. Qb3 a6 21. Nc3 Nxc3 22. bxc3 b5 23. Ne3 e6 24. Rd3 Qe4 25. Rfd1 Bh6 26. Nc2 Rc4 27. Rh3 Bg5 28. Ne3 Bxe3 29. Rxe3 Qc6 30. h3 Rc8 31. Rdd3 a5 32. Qa3 Ra4 33. Qb3 Rc4 34. Qa3 Ra4 35. Qb2 Qc4 36. Rd2 Qc6 37. Rdd3 Qc4 38. Rd2 Qc6 39. Qb3 Rc4 40. Rdd3 Rc7 41. Qa3 Ra4 42. Qb2 Rc8 43. Re5 Qc4 44. Rd2 b4 45. cxb4 Rxb4 46. Qa3 Ra4 47. Qb2 Rb4 48. Qa3 Ra4 49. Qb2 Rb4 50. Qa1 Rcb8 51. Rd1 Rb2 52. Rc5 Qe2 53. Rf1 Rxa2 54. Qc1 Qd2 1/2-1/2

[Event "Mataro op 11th"]
[Site "Mataro"]
[Date "2014.10.11"]
[Round "3"]
[White "Maynat Diaz, Jose Antonio"]
[Black "Ferre Navarro, Joan"]
[Result "1-0"]
[WhiteElo "1981"]
[BlackElo "1846"]
[PlyCount "117"]
[EventDate "2014.09.27"]
[EventType "swiss"]
[EventRounds "9"]
[EventCountry "ESP"]
[SourceTitle "EXT 2016"]
[Source "ChessBase"]
[SourceDate "2015.10.08"]
[SourceVersion "1"]
[SourceVersionDate "2015.10.08"]
[SourceQuality "1"]

1. e4 e5 2. Nf3 Nc6 3. Bc4 Be7 4. d4 d6 5. dxe5 Nxe5 6. Nxe5 dxe5 7. Qh5 g6 8. Qxe5 Nf6 9. Bh6 Rg8 10. h3 Qd6 11. Qxd6 Bxd6 12. 0-0 Bf8 13. Bf4 c6 14. Nc3 Be6 15. Bxe6 fxe6 16. a3 Kf7 17. Rad1 Be7 18. Rd3 Rad8 19. Rfd1 Rxd3 20. Rxd3 Rd8 21. Rxd8 Bxd8 22. Bg5 Ba5 23. Bxf6 Kxf6 24. Ne2 Ke5 25. f3 Bb6+ 26. Kf1 Be3 27. g3 g5 28. c3 c5 29. Ke1 c4 30. Kd1 b5 31. Kc2 a5 32. Kd1 a4 33. Ke1 h6 34. Kf1 Bc5 35. Kg2 Be3 36. Kf1 Bc5 37. Nc1 Be3 38. Na2 Bc5 39. Ke2 Bd6 40. Nb4 Bxb4 41. axb4 Kf6 42. f4 e5 43. Kf3 h5 44. fxg5+ Kxg5 45. h4+ Kf6 46. g4 hxg4+ 47. Kxg4 Kg6 48. h5+ Kh6 49. Kf5 Kxh5 50. Kxe5 Kg5 51. Kd6 Kf4 52. e5 Ke3 53. Kc5 Kd2 54. e6 Kc2 55. e7 Kxb2 56. Kxb5 a3 57. e8Q a2 58. Qe2+ Kb1 59. Qxa2+ 1-0

[Event "Badalona op-B 40th"]
[Site "Badalona"]
[Date "2014.08.05"]
[Round "4"]
[White "Maynat Diaz, Jose Antonio"]
[Black "Flores Linan, Josep Luis"]
[Result "0-1"]
[WhiteElo "1981"]
[BlackElo "2016"]
[PlyCount "69"]
[EventDate "2014.08.02"]
[EventType "swiss"]
[EventRounds "9"]
[EventCountry "ESP"]
[SourceTitle "EXT 2015"]
[Source "ChessBase"]
[SourceDate "2014.11.20"]
[SourceVersion "1"]
[SourceVersionDate "2014.11.20"]
[SourceQuality "1"]

1. e4 c5 2. Nf3 d6 3. d4 cxd4 4. Bb5+ Bd7 5. Nxd4 g6 6. Bd2 Nf6 7. Qe2 Bg7 8. Nc3 Nc6 9. Nxc6 Bxc6 10. Rd1 Nd7 11. Bxc6 bxc6 12. 0-0 0-0 13. Qc4 Qb6 14. Na4 Qb5 15. Qxb5 cxb5 16. Nc3 Rac8 17. Rc1 Nb6 18. Nd1 Na4 19. c3 Nc5 20. f3 Nd3 21. Rb1 Rc6 22. Ne3 e6 23. Rfd1 Rd8 24. Be1 Ne5 25. Bg3 Nc4 26. Nxc4 bxc4 27. Bf2 a6 28. Bd4 d5 29. Bxg7 Kxg7 30. exd5 exd5 31. Rd2 Kf6 32. Re1 Rcd6 33. Kf2 d4 34. cxd4 Rxd4 35. Ree2 0-1

[Event "Badalona op-B 40th"]
[Site "Badalona"]
[Date "2014.08.04"]
[Round "3"]
[White "Quero Ortega, Juan"]
[Black "Maynat Diaz, Jose Antonio"]
[Result "0-1"]
[WhiteElo "1931"]
[BlackElo "1981"]
[PlyCount "150"]
[EventDate "2014.08.02"]
[EventType "swiss"]
[EventRounds "9"]
[EventCountry "ESP"]
[SourceTitle "EXT 2015"]
[Source "ChessBase"]
[SourceDate "2014.11.20"]
[SourceVersion "1"]
[SourceVersionDate "2014.11.20"]
[SourceQuality "1"]

1. e4 c5 2. Nf3 Nc6 3. Bb5 Qc7 4. 0-0 Nf6 5. Bxc6 bxc6 6. Nc3 Bb7 7. d4 e6 8. Bg5 cxd4 9. Qxd4 Be7 10. e5 Nd5 11. Nxd5 cxd5 12. Bxe7 Kxe7 13. Rae1 Qc4 14. Qd2 h6 15. Nd4 Rhc8 16. c3 Ba6 17. Re3 Rab8 18. f4 Rf8 19. f5 Qc5 20. f6+ gxf6 21. exf6+ Kd8 22. Qf2 Qd6 23. Rfe1 Rg8 24. b3 Rg6 25. g3 Kc7 26. a4 Rbg8 27. Nb5+ Bxb5 28. axb5 h5 29. Kg2 h4 30. Ra1 Qb6 31. Ra6 Qb7 32. Qf4+ Kc8 33. Qd4 hxg3 34. Rxg3 Rxg3+ 35. hxg3 Qxb5 36. Rxa7 Qe2+ 37. Qf2 Qxf2+ 38. Kxf2 Rg6 39. Kf3 Rxf6+ 40. Ke3 Rh6 41. Ra8+ Kc7 42. Ra7+ Kc6 43. Ra6+ Kb7 44. Rd6 Kc7 45. Ra6 Rg6 46. Kf3 e5 47. Ra7+ Kc6 48. b4 e4+ 49. Kg2 Rg4 50. Ra5 f5 51. Kf2 d6 52. Ra6+ Kc7 53. Ra7+ Kb6 54. Ra5 Kc6 55. Ra6+ Kc7 56. Ra7+ Kb6 57. Ra5 Kc6 58. Ra6+ Kd7 59. Ra7+ Ke6 60. b5 Rg8 61. b6 Rb8 62. b7 Kd7 63. Ke3 Kc7 64. Ra5 Kc6 65. Ra6+ Kc5 66. Ra5+ Kc4 67. Ra6 Rxb7 68. Rxd6 Rg7 69. Kf4 Rg4+ 70. Kxf5 Rxg3 71. Ke5 Kxc3 72. Rc6+ Kd2 73. Kxd5 e3 74. Ra6 Rg4 75. Ra2+ Ke1 0-1

[Event "Llinars del Valles op-B 8th"]
[Site "Llinars del Valles"]
[Date "2014.05.17"]
[Round "4"]
[White "Maynat Diaz, Jose Antonio"]
[Black "Castaneda Munoz, Antonio"]
[Result "1/2-1/2"]
[WhiteElo "1952"]
[BlackElo "1864"]
[PlyCount "42"]
[EventDate "2014.04.26"]
[EventType "swiss"]
[EventRounds "8"]
[EventCountry "ESP"]
[SourceTitle "EXT 2015"]
[Source "ChessBase"]
[SourceDate "2014.11.20"]
[SourceVersion "1"]
[SourceVersionDate "2014.11.20"]
[SourceQuality "1"]

1. e4 e5 2. Nf3 Nf6 3. Bc4 Nxe4 4. d3 d5 5. dxe4 dxc4 6. Qxd8+ Kxd8 7. Nxe5 Be6 8. Nd2 b5 9. 0-0 Bd6 10. Nef3 h6 11. Rd1 Nd7 12. Nd4 Bg4 13. f3 Bc5 14. c3 Bh5 15. Kf1 a6 16. e5 Kc8 17. Ne4 Re8 18. Bf4 Bg6 19. Re1 Bb6 20. Nf2 Nc5 21. Bg3 Kb7 1/2-1/2

[Event "Llinars del Valles op-B 8th"]
[Site "Llinars del Valles"]
[Date "2014.05.10"]
[Round "3"]
[White "Alves Garcia, Eric"]
[Black "Maynat Diaz, Jose Antonio"]
[Result "0-1"]
[WhiteElo "1802"]
[BlackElo "1952"]
[PlyCount "58"]
[EventDate "2014.04.26"]
[EventType "swiss"]
[EventRounds "8"]
[EventCountry "ESP"]
[SourceTitle "EXT 2015"]
[Source "ChessBase"]
[SourceDate "2014.11.20"]
[SourceVersion "1"]
[SourceVersionDate "2014.11.20"]
[SourceQuality "1"]

1. d4 d5 2. c4 dxc4 3. e4 e6 4. Nc3 c5 5. d5 Nf6 6. Bxc4 exd5 7. exd5 a6 8. a4 b6 9. Nf3 Bd6 10. 0-0 0-0 11. Bg5 Bf5 12. Qb3 Nbd7 13. Rfe1 Qc7 14. h3 h6 15. Bxf6 Nxf6 16. Nd2 Bf4 17. Rad1 Bd6 18. Bf1 Bd7 19. Nde4 Nxe4 20. Nxe4 Be5 21. Bd3 Bd4 22. Nd2 Qf4 23. Re2 Bxa4 24. Bh7+ Kh8 25. Qxb6 Bxd1 26. g3 Qxg3+ 27. Kf1 Bxe2+ 28. Kxe2 Qxf2+ 29. Kd3 c4+ 0-1

[Event "Llinars del Valles op-B 8th"]
[Site "Llinars del Valles"]
[Date "2014.04.26"]
[Round "1"]
[White "Parra Ordorica, Gorka"]
[Black "Maynat Diaz, Jose Antonio"]
[Result "0-1"]
[WhiteElo "1785"]
[BlackElo "1952"]
[PlyCount "60"]
[EventDate "2014.04.26"]
[EventType "swiss"]
[EventRounds "8"]
[EventCountry "ESP"]
[SourceTitle "EXT 2015"]
[Source "ChessBase"]
[SourceDate "2014.11.20"]
[SourceVersion "1"]
[SourceVersionDate "2014.11.20"]
[SourceQuality "1"]

1. d4 d5 2. Nf3 Nf6 3. e3 e6 4. Bd3 c5 5. b3 Nc6 6. Bb2 cxd4 7. exd4 Bd7 8. Ne5 Rc8 9. a3 Bd6 10. 0-0 Qc7 11. f4 a6 12. Nd2 h6 13. Rf3 Qb6 14. c3 Nxe5 15. fxe5 Bxe5 16. Kh1 Bd6 17. c4 dxc4 18. Nxc4 Qc7 19. h3 Bg3 20. Qe2 Bc6 21. Rff1 Nd5 22. Be4 0-0 23. Qf3 f5 24. Bd3 Qf4 25. Rac1 Qh4 26. Ne5 Nf4 27. Nxc6 Nxh3 28. Ne7+ Kf7 29. Rfd1 Nf2+ 30. Kg1 Qh1# 0-1

[Event "Mataro Maresme 6th"]
[Site "Mataro"]
[Date "2013.04.27"]
[Round "5.1"]
[White "Maynat Diaz, Jose Antonio"]
[Black "Bimbatti Dorante, Gian Carlos"]
[Result "1-0"]
[WhiteElo "2005"]
[BlackElo "2067"]
[PlyCount "83"]
[EventDate "2013.04.06"]
[EventType "swiss"]
[EventRounds "9"]
[EventCountry "ESP"]
[SourceTitle "EXT 2024"]
[Source "ChessBase"]
[SourceDate "2023.10.10"]
[SourceVersion "1"]
[SourceVersionDate "2023.10.10"]
[SourceQuality "1"]

1. e4 c5 2. Nf3 Nc6 3. d4 cxd4 4. Nxd4 Nf6 5. Nc3 e5 6. Nf5 d5 7. exd5 Bxf5 8. dxc6 Qxd1+ 9. Nxd1 bxc6 10. c3 Bc5 11. Ne3 Be6 12. Be2 0-0 13. 0-0 Nd5 14. Re1 Rab8 15. Bf3 Bxe3 16. fxe3 Rfd8 17. e4 Nb6 18. b3 f6 19. c4 Rb7 20. Be3 Rd3 21. Kf2 Rbd7 22. Rad1 Kf7 23. Rxd3 Rxd3 24. Rd1 Rxd1 25. Bxd1 g6 26. Bc5 Nc8 27. Ke3 Bd7 28. a4 Ke6 29. g4 g5 30. h3 Be8 31. b4 Bg6 32. a5 Be8 33. Be2 a6 34. Kf3 h6 35. Be3 Nd6 36. Bc5 Nb7 37. Bf8 c5 38. b5 Nxa5 39. bxa6 Nb3 40. Ke3 Bc6 41. Bd1 Na5 42. Kd3 1-0

[Event "Mataro Maresme 6th"]
[Site "Mataro"]
[Date "2013.04.20"]
[Round "4.5"]
[White "Andinach Carrasco, Javier"]
[Black "Maynat Diaz, Jose Antonio"]
[Result "1-0"]
[WhiteElo "2075"]
[BlackElo "2005"]
[PlyCount "55"]
[EventDate "2013.04.06"]
[EventType "swiss"]
[EventRounds "9"]
[EventCountry "ESP"]
[SourceTitle "EXT 2024"]
[Source "ChessBase"]
[SourceDate "2023.10.10"]
[SourceVersion "1"]
[SourceVersionDate "2023.10.10"]
[SourceQuality "1"]

1. d4 d5 2. c4 dxc4 3. e3 e6 4. Bxc4 Bb4+ 5. Bd2 Bxd2+ 6. Nxd2 Nf6 7. Ngf3 Nc6 8. 0-0 a6 9. Rc1 Qd6 10. Bb3 b5 11. Qc2 Bb7 12. a3 Rc8 13. Rfd1 h6 14. Ba2 Rd8 15. Nb3 Ba8 16. Nc5 a5 17. h3 g5 18. Bxe6 Ne7 19. Ba2 g4 20. Ne5 gxh3 21. Bxf7+ Kf8 22. Ne6+ Qxe6 23. Bxe6 Bxg2 24. Ng6+ Nxg6 25. Qxg6 Ke7 26. Qf7+ Kd6 27. Qxf6 Rdf8 28. Qe5+ 1-0

[Event "Maresme op 9th"]
[Site "Maresme"]
[Date "2012.10.27"]
[Round "5"]
[White "Maynat Diaz, Jose Antonio"]
[Black "Santos Ramos, Carlos"]
[Result "1/2-1/2"]
[WhiteElo "2054"]
[BlackElo "2018"]
[PlyCount "125"]
[EventDate "2012.09.29"]
[EventType "swiss"]
[EventRounds "9"]
[EventCountry "ESP"]
[SourceTitle "EXT 2014"]
[Source "ChessBase"]
[SourceDate "2013.11.20"]
[SourceVersion "1"]
[SourceVersionDate "2013.11.20"]
[SourceQuality "1"]

1. e4 g6 2. d4 Bg7 3. Nf3 d6 4. Nc3 Nf6 5. h3 0-0 6. Be3 Nbd7 7. Qd2 c5 8. Rd1 cxd4 9. Bxd4 Qa5 10. Bd3 Nc5 11. Bc4 Qb4 12. Bb3 Nxb3 13. axb3 Bd7 14. e5 Ne8 15. exd6 Nxd6 16. Bxg7 Kxg7 17. 0-0 Bc6 18. Qd4+ Qxd4 19. Nxd4 Rac8 20. Rfe1 Rfe8 21. Nxc6 Rxc6 22. Re2 e5 23. Rd5 e4 24. Rd4 f5 25. Na4 b5 26. Nc3 a6 27. Nd5 a5 28. Nf4 g5 29. Nh5+ Kg6 30. Ng3 h5 31. Red2 Re6 32. Ne2 f4 33. c3 f3 34. Ng3 h4 35. Nf1 fxg2 36. Kxg2 Nf5 37. Rd5 b4 38. cxb4 axb4 39. Rb5 e3 40. fxe3 Nxe3+ 41. Nxe3 Rxe3 42. Rxb4 Rg3+ 43. Kh2 Rf6 44. Rg2 Re3 45. Rxh4 Rxb3 46. Rhg4 Rf5 47. h4 Rbb5 48. b4 Kf6 49. hxg5+ Kg6 50. Kh3 Rf8 51. Rc2 Rfb8 52. Rcc4 R8b6 53. Kg3 Rxg5 54. Rxg5+ Kxg5 55. Kf3 Kf5 56. Rc5+ Ke6 57. Rc4 Kd5 58. Re4 Kc6 59. Ke3 Kb5 60. Kd3 Rc6 61. Rf4 Rc1 62. Kd2 Rc4 63. Rxc4 1/2-1/2

[Event "Maresme op 9th"]
[Site "Maresme"]
[Date "2012.10.06"]
[Round "2"]
[White "Maynat Diaz, Jose Antonio"]
[Black "Olive Alier, Tomas"]
[Result "1/2-1/2"]
[WhiteElo "2054"]
[BlackElo "1900"]
[PlyCount "107"]
[EventDate "2012.09.29"]
[EventType "swiss"]
[EventRounds "9"]
[EventCountry "ESP"]
[SourceTitle "EXT 2014"]
[Source "ChessBase"]
[SourceDate "2013.11.20"]
[SourceVersion "1"]
[SourceVersionDate "2013.11.20"]
[SourceQuality "1"]

1. e4 c5 2. Nf3 Nc6 3. d4 cxd4 4. Nxd4 e6 5. Be3 a6 6. c3 Nf6 7. Nd2 Qc7 8. Bd3 Ne5 9. Be2 Be7 10. 0-0 d6 11. Qa4+ Bd7 12. Bb5 Bxb5 13. Nxb5 Qc6 14. Nc7+ Kd7 15. Qxc6+ bxc6 16. Nxa8 Rxa8 17. Rad1 Rb8 18. f4 Neg4 19. Bd4 e5 20. fxe5 dxe5 21. Ba7 Rb7 22. Nc4+ Ke6 23. Bb6 Rxb6 24. Nxb6 Bc5+ 25. Kh1 Bxb6 26. Rde1 Nf2+ 27. Rxf2 Bxf2 28. Re2 Bb6 29. g3 g6 30. Kg2 Nh5 31. Kf3 Nf6 32. Rd2 Nd7 33. b4 f5 34. exf5+ gxf5 35. c4 Bd4 36. a3 Nb6 37. Rc2 h6 38. g4 e4+ 39. Kf4 Be5+ 40. Ke3 fxg4 41. Kxe4 Nd7 42. a4 Nf6+ 43. Ke3 Nd7 44. b5 cxb5 45. cxb5 axb5 46. axb5 h5 47. Kd2 Kd5 48. Ke3 Nb6 49. Rg2 Nc4+ 50. Kf2 Kc5 51. h3 Bd4+ 52. Kg3 Ne3 53. hxg4 Nxg2 54. Kxg2 1/2-1/2